000 00600cam7a220021700 4500
001 qce00862246
005 20190816092815.0
008 731121s1961 quc 000 0 fre
010 _a 67111851
035 _a(Sirsi) r124414
035 _a(QCAT)lss00497715
035 _a(UPRA)qce00862246
040 _dUPRA
050 _aPQ3919.S46
_bR4
082 _a844
100 1 _aSimard, Jean.
_6A92538.1
245 1 0 _aRepertoire :
_bessai /
_cJean Simard.
260 _a[Montreal] :
_bCercle du Livre de France,
_cc1961.
949 _aPQ3919.S46
_wlcc
_i-178676
_mMAIN
_tBOOK
_lON-SHELF
004 124414
999 _c82159
_d82159